[Event "Cto Equipos Aragon 2013 Preferente II"]
[Site "Aragon"]
[Date "2013.03.23"]
[Round "9.60"]
[White "Hernandez Montoro, Irene"]
[Black "Urgel Varela, Fernando"]
[Result "0-1"]
[WhiteElo "1579"]
[BlackElo "1836"]
[PlyCount "94"]
[EventDate "2013.??.??"]
[EventType "tourn"]
[EventRounds "9"]
[EventCountry "ESP"]
[WhiteTeam "Ibercaja C"]
[BlackTeam "San Jose"]

1. d4 {[%emt 0:00:00]} Nf6 2. Nf3 e6 3. c4 b6 4. Bg5 Bb7 5. e3 Bb4+ 6. Nc3 O-O
7. Rc1 d6 8. a3 Bxc3+ 9. Rxc3 Nbd7 10. Bd3 Qe8 11. O-O c5 12. Bf4 e5 13. Bg3 e4
14. Ng5 exd3 15. Bxd6 Ne4 16. Bxf8 Nxc3 17. bxc3 Nxf8 18. Qxd3 f6 19. Nh3 Qe4
20. Qxe4 Bxe4 21. dxc5 bxc5 22. Rd1 Rb8 23. f3 Rb1 24. Rxb1 Bxb1 25. Nf2 Ne6
26. Nd1 Kf8 27. Kf2 Ke7 28. Kg3 Nd8 29. e4 Nc6 30. Kf4 Ne5 31. Nb2 Nd3+ 32.
Nxd3 Bxd3 33. e5 Bxc4 34. Ke4 Ke6 35. exf6 gxf6 36. g3 Bb3 37. Kf4 Bc2 38. Ke3
Kd5 39. Kd2 Bb1 40. Kc1 Bg6 41. Kb2 Kc4 42. f4 Bf5 43. a4 a5 44. h4 h5 45. Kc1
Kxc3 46. Kd1 Kb3 47. Kd2 Kb2 0-1

[Event "Cto Equipos Aragon 2013 Preferente II"]
[Site "Aragon"]
[Date "2013.03.23"]
[Round "9.61"]
[White "Neila Castillo, Miguel Angel"]
[Black "Lopez Guaita, Fernando"]
[Result "1-0"]
[WhiteElo "2075"]
[BlackElo "2027"]
[PlyCount "71"]
[EventDate "2013.??.??"]
[EventType "tourn"]
[EventRounds "9"]
[EventCountry "ESP"]
[WhiteTeam "CCOO Delicias B"]
[BlackTeam "ONCE C.A. Aragon B"]

1. c4 e5 2. Nc3 Nf6 3. g3 g6 4. Bg2 Bg7 5. e4 d6 6. Nge2 c6 7. O-O O-O 8. d4
Nbd7 9. h3 Qc7 10. Be3 b6 11. Qd2 a6 12. Rad1 Bb7 13. dxe5 dxe5 14. Qd6 Qxd6
15. Rxd6 Rfd8 16. Rfd1 Bf8 17. Bxb6 Rdb8 18. Rxd7 Nxd7 19. Bc7 Bc8 20. Bxb8
Rxb8 21. Na4 Be7 22. b3 Nf8 23. Nc1 Ne6 24. Nd3 f6 25. f4 Bd6 26. c5 Bc7 27.
fxe5 fxe5 28. Nab2 Rb5 29. b4 a5 30. a3 axb4 31. axb4 Nd4 32. Nc4 Nc2 33. Ncxe5
Nxb4 34. Nxb4 Bxe5 35. Rd8+ Kg7 36. Nxc6 1-0

[Event "Cto Equipos Aragon 2013 Preferente II"]
[Site "Aragon"]
[Date "2013.03.23"]
[Round "9.62"]
[White "Landa Garriga, Francisco Javier"]
[Black "Pes Mateo, Angel"]
[Result "1/2-1/2"]
[WhiteElo "1900"]
[BlackElo "2029"]
[PlyCount "81"]
[EventDate "2013.??.??"]
[EventType "tourn"]
[EventRounds "9"]
[EventCountry "ESP"]
[WhiteTeam "ONCE C.A. Aragon B"]
[BlackTeam "CCOO Delicias B"]

1. e4 c5 2. Nf3 d6 3. d4 cxd4 4. Nxd4 a6 5. Nc3 Nf6 6. h3 Nbd7 7. Be3 Qc7 8.
Qd2 b5 9. a3 Bb7 10. f3 Rc8 11. Bd3 e6 12. Qf2 d5 13. exd5 Nxd5 14. Nxd5 Bxd5
15. Rc1 Bd6 16. O-O Bf4 17. Ne2 Bxe3 18. Qxe3 Qe5 19. Qxe5 Nxe5 20. Rfd1 O-O
21. Nf4 Rfd8 22. Nxd5 exd5 23. c3 g6 24. Be2 Rd6 25. Ra1 Rb8 26. Kf2 g5 27. Ke1
f5 28. Kd2 Nd7 29. Kc2 Nb6 30. Rd4 Kg7 31. h4 h6 32. Rh1 f4 33. Rdd1 Nd7 34.
hxg5 hxg5 35. Bd3 Nf6 36. Rde1 Re8 37. Rxe8 Nxe8 38. Rh7+ Kf6 39. Rh6+ Ke7 40.
Rh5 Kf6 41. Rh6+ 1/2-1/2

[Event "Cto Equipos Aragon 2013 Preferente II"]
[Site "Aragon"]
[Date "2013.03.23"]
[Round "9.63"]
[White "Dominguez Luzon, Fernando"]
[Black "Gimeno Diaz, Fernando"]
[Result "0-1"]
[WhiteElo "1992"]
[BlackElo "1891"]
[PlyCount "94"]
[EventDate "2013.??.??"]
[EventType "tourn"]
[EventRounds "9"]
[EventCountry "ESP"]
[WhiteTeam "CCOO Delicias B"]
[BlackTeam "ONCE C.A. Aragon B"]

1. d4 Nf6 2. Nf3 g6 3. c4 Bg7 4. Nc3 O-O 5. e4 d6 6. Be2 e5 7. d5 c6 8. Bg5 h6
9. Bh4 Qa5 10. O-O g5 11. Bg3 cxd5 12. cxd5 Na6 13. a3 Bd7 14. Nd2 Rac8 15. b4
Qd8 16. Rc1 Qe7 17. Qb3 Nxe4 18. Ncxe4 f5 19. Nxd6 Qxd6 20. Nc4 Rxc4 21. Qxc4
f4 22. Bd3 fxg3 23. fxg3 Qb6+ 24. Kh1 Qd4 25. Qxd4 exd4 26. b5 Rxf1+ 27. Bxf1
Nb8 28. Rc7 Bf5 29. Rxb7 Be5 30. Rxa7 d3 31. Re7 d2 32. Be2 Nd7 33. g4 Bd3 34.
Bd1 Bxb5 35. g3 Kf8 36. Re6 Bc4 37. Rxh6 Bxd5+ 38. Kg1 Nf6 39. h4 gxh4 40. gxh4
Ne4 41. Rh5 Bd4+ 42. Kh2 Bc4 43. Rh7 Nc3 44. Bc2 Bd3 45. Rd7 Be5+ 46. Kg1 Ne2+
47. Kf1 Nd4+ 0-1

[Event "Cto Equipos Aragon 2013 Preferente II"]
[Site "Aragon"]
[Date "2013.03.23"]
[Round "9.64"]
[White "Carilla Garcia, Angel"]
[Black "Fleta Marin, Sergio"]
[Result "1-0"]
[WhiteElo "1874"]
[BlackElo "1617"]
[PlyCount "112"]
[EventDate "2013.??.??"]
[EventType "tourn"]
[EventRounds "9"]
[EventCountry "ESP"]
[WhiteTeam "ONCE C.A. Aragon B"]
[BlackTeam "CCOO Delicias B"]

1. c4 e6 2. Nc3 Nf6 3. d4 d5 4. Bg5 c6 5. e3 Nbd7 6. Nf3 Qa5 7. Nd2 Bb4 8. Qc2
h6 9. Bh4 c5 10. Nb3 Bxc3+ 11. bxc3 Qa3 12. Qc1 Qxc1+ 13. Rxc1 b6 14. f3 Bb7
15. Be2 Rc8 16. Nd2 O-O 17. Kf2 e5 18. dxe5 Nxe5 19. Bxf6 gxf6 20. cxd5 Bxd5
21. c4 Be6 22. Rhd1 f5 23. h3 Rfd8 24. f4 Nd3+ 25. Bxd3 Rxd3 26. Ke2 Rcd8 27.
Rc2 f6 28. Rb1 R3d7 29. Nf3 Rg7 30. Nh4 Bc8 31. Rd1 Rxd1 32. Kxd1 Kf7 33. Kd2
Ke6 34. Kc3 Bb7 35. Rd2 Rg8 36. a3 Rg7 37. Rd6+ Kxd6 38. Nxf5+ Kc7 39. Nxg7
Bxg2 40. h4 Kd7 41. Nf5 h5 42. Ng3 Bf3 43. e4 a6 44. Kd3 b5 45. cxb5 axb5 46.
Nf1 Bd1 47. Ne3 Bb3 48. Kc3 Bf7 49. Nf5 b4+ 50. axb4 cxb4+ 51. Kxb4 Bg6 52. Ng3
Kd6 53. Kc4 Bf7+ 54. Kd4 Ke6 55. Nf5 Bg6 56. Ng3 f5 1-0

[Event "Cto Equipos Aragon 2013 Preferente II"]
[Site "Aragon"]
[Date "2013.03.23"]
[Round "9.65"]
[White "Cantin Zaborras, Valentin"]
[Black "Garcia Fernandez, Javier"]
[Result "1-0"]
[WhiteElo "2123"]
[BlackElo "2168"]
[PlyCount "109"]
[EventDate "2013.??.??"]
[EventType "tourn"]
[EventRounds "9"]
[EventCountry "ESP"]
[WhiteTeam "Ramiro B"]
[BlackTeam "Teruel"]

1. e4 c5 2. Nf3 g6 3. c3 Bg7 4. d4 cxd4 5. cxd4 d5 6. exd5 Nf6 7. Bb5+ Nbd7 8.
d6 O-O 9. dxe7 Qxe7+ 10. Qe2 Qb4+ 11. Nc3 Re8 12. Be3 Nd5 13. O-O Nc7 14. Rac1
a6 15. Ba4 b5 16. Bb3 Bb7 17. Ng5 Re7 18. Qg4 Nf6 19. Qh4 a5 20. Bd2 Qd6 21.
Bf4 Qxd4 22. Rfd1 Qb4 23. Bg3 Qxh4 24. Bxh4 a4 25. Bc2 h6 26. Nh3 a3 27. bxa3
Rxa3 28. Bb3 Ra8 29. Rd6 g5 30. Bg3 b4 31. Na4 Rae8 32. f3 g4 33. Nf4 Kf8 34.
Rb6 Ncd5 35. Nxd5 Nxd5 36. Rxb7 Rxb7 37. Bxd5 Ra7 38. Nc5 Rd8 39. Bb3 gxf3 40.
gxf3 Rd2 41. Bf2 Re7 42. Ne4 Rd8 43. Bh4 Bd4+ 44. Kg2 f6 45. Bxf6 Bxf6 46. Nxf6
Rd2+ 47. Kg3 Rg7+ 48. Kf4 Rxh2 49. Ng4 Re2 50. Nxh6 Rd7 51. Nf5 Rd8 52. Rc7 Rb8
53. Rf7+ Ke8 54. Ng7+ Kd8 55. Ne6+ 1-0

[Event "Cto Equipos Aragon 2013 Preferente II"]
[Site "Aragon"]
[Date "2013.03.23"]
[Round "9.66"]
[White "Dominguez Bujeda, Jesus"]
[Black "Valiente Roy, Jose Javier"]
[Result "1-0"]
[WhiteElo "2146"]
[BlackElo "2031"]
[PlyCount "109"]
[EventDate "2013.??.??"]
[EventType "tourn"]
[EventRounds "9"]
[EventCountry "ESP"]
[WhiteTeam "Teruel"]
[BlackTeam "Ramiro B"]

1. d4 d6 2. c4 g6 3. e4 Bg7 4. Nc3 Nc6 5. Be3 e5 6. Nge2 exd4 7. Nxd4 Nge7 8.
Be2 O-O 9. O-O f5 10. exf5 Bxd4 11. Bxd4 Nxf5 12. Be3 Nxe3 13. fxe3 Be6 14. Nd5
Rxf1+ 15. Bxf1 Bxd5 16. Qxd5+ Kg7 17. c5 dxc5 18. Bc4 Qxd5 19. Bxd5 Ne5 20.
Bxb7 Rb8 21. Bd5 Rxb2 22. Rc1 c6 23. Bb3 h5 24. h3 c4 25. Bxc4 Nxc4 26. Rxc4
Rxa2 27. Rxc6 a5 28. h4 Ra4 29. Ra6 $11 Kf7 30. Kf2 Ra1 31. Kf3 a4 32. Ke4 Rg1
33. Ke5 Rxg2 34. Ra7+ Ke8 35. Ke6 Kd8 36. Rxa4 Rg4 37. Rf4 Rg3 38. e4 g5 39.
Rf8+ Kc7 40. hxg5 Rxg5 $11 41. e5 Rg6+ 42. Rf6 Rg1 43. Ke7 h4 44. Rh6 Re1 45.
e6 Re4 46. Kf7 Rf4+ 47. Ke8 Re4 48. e7 Kc8 49. Rc6+ Kb7 50. Rc3 Kb8 51. Kf7
Rf4+ 52. Ke6 Re4+ 53. Kf6 Re1 54. Rc5 Rf1+ 55. Ke6 1-0

[Event "Cto Equipos Aragon 2013 Preferente II"]
[Site "Aragon"]
[Date "2013.03.23"]
[Round "9.67"]
[White "Munoz Suarez, Luis Alberto"]
[Black "Martin Catalan, Juan Vicente"]
[Result "1/2-1/2"]
[WhiteElo "1996"]
[BlackElo "2096"]
[PlyCount "134"]
[EventDate "2013.??.??"]
[EventType "tourn"]
[EventRounds "9"]
[EventCountry "ESP"]
[WhiteTeam "Ramiro B"]
[BlackTeam "Teruel"]

1. e4 d5 2. exd5 Qxd5 3. Nc3 Qa5 4. Bc4 Nf6 5. d4 c6 6. Nf3 Bg4 7. h3 Bxf3 8.
Qxf3 e6 9. O-O Be7 10. Be3 Nbd7 11. a3 O-O 12. Rae1 Rad8 13. g4 Nb6 14. Bd3
Nbd5 15. Ne4 Nxe4 16. Qxe4 Nf6 17. Qg2 Qd5 18. f4 Qxg2+ 19. Kxg2 Nd5 20. Bg1
Bd6 21. Bh2 Rfe8 22. Bg3 c5 23. dxc5 Bxc5 24. Kf3 Bd4 25. Bb5 Rf8 26. c3 Bb6
27. Bh4 f6 28. Rxe6 Nc7 29. Rxb6 axb6 30. Bc4+ Kh8 31. Bf2 Rd6 32. Be3 Re8 33.
Bd4 Ne6 34. Be3 Nc5 35. Rf2 h5 36. Re2 Red8 37. Bd4 Kh7 38. Re7 R8d7 39. Re2
Rd8 40. Re7 R8d7 41. Re2 Rd8 42. Bf7 Rf8 43. Bc4 Rfd8 44. f5 Nd7 45. Re7 Ne5+
46. Bxe5 fxe5 47. Rxb7 R8d7 48. Rb8 Rd8 49. Rb7 R8d7 50. Rb8 Rd8 51. Rxd8 Rxd8
52. Ke4 hxg4 53. hxg4 Rd2 54. b3 Kh6 55. Kxe5 Kg5 56. Be6 Rd3 57. Ke4 Rxc3 58.
Kd4 Rc5 59. a4 Ra5 60. Bd7 Rc5 61. Be6 Ra5 62. Kc4 Re5 63. b4 Kxg4 64. a5 bxa5
65. b5 Rxb5 66. Kxb5 Kg5 67. Kxa5 g6 1/2-1/2

[Event "Cto Equipos Aragon 2013 Preferente II"]
[Site "Aragon"]
[Date "2013.03.23"]
[Round "9.68"]
[White "Marin Tolosa, Guillermo"]
[Black "Pueyo Marina, Gerardo"]
[Result "1-0"]
[WhiteElo "1947"]
[BlackElo "1939"]
[PlyCount "79"]
[EventDate "2013.??.??"]
[EventType "tourn"]
[EventRounds "9"]
[EventCountry "ESP"]
[WhiteTeam "Teruel"]
[BlackTeam "Ramiro B"]

1. d4 Nf6 2. Nf3 e6 3. Bf4 Ne4 4. Nbd2 Bd6 5. Nxe4 Bxf4 6. e3 Bh6 7. c4 f5 8.
Nc3 Qe7 9. Be2 Nc6 10. d5 Nd8 11. O-O O-O 12. a3 a5 13. Nb5 d6 14. b4 e5 15. c5
Nf7 16. Rc1 Rd8 17. cxd6 cxd6 18. Rc7 Rd7 19. Qc2 Rxc7 20. Nxc7 Rb8 21. bxa5 f4
22. e4 Bg4 23. Rb1 Qd8 24. a6 bxa6 25. Rxb8 Qxb8 26. Nxa6 Qb6 27. Nb4 Bd7 28.
Nd2 g5 29. Nc6 g4 30. Qb3 Qc5 31. Ne7+ Kf8 32. Nf5 Bxf5 33. exf5 f3 34. Qb8+
Kg7 35. Ne4 fxe2 36. f6+ Kg6 37. Qg8+ Kh5 38. Qxf7+ Kh4 39. g3+ Kh3 40. Qh5#
1-0

[Event "Cto Equipos Aragon 2013 DH Titulo"]
[Site "?"]
[Date "2013.04.06"]
[Round "10.1"]
[White "Garza Marco, Sergio"]
[Black "Adla, Diego Gustavo"]
[Result "1/2-1/2"]
[WhiteElo "2438"]
[BlackElo "2498"]
[PlyCount "62"]
[EventDate "2013.??.??"]
[EventType "tourn"]
[EventRounds "4"]
[WhiteTeam "Jaime Casas"]
[BlackTeam "St Casablanca"]

1. d4 e6 2. Nf3 c5 3. e3 Nf6 4. Bd3 b6 5. O-O Bb7 6. c4 Be7 7. Nc3 cxd4 8. exd4
d5 9. cxd5 Nxd5 10. Bb5+ Bc6 11. Qa4 Bxb5 12. Qxb5+ Qd7 13. Nxd5 exd5 14. Qxd7+
Nxd7 15. Bf4 Nf8 16. Rfe1 Ne6 17. Bg5 Rc8 18. Rac1 Rxc1 19. Rxc1 f6 20. Rc8+
Bd8 21. Bd2 Kd7 22. Ra8 a5 23. b4 axb4 24. Bxb4 g5 25. h3 h5 26. Kf1 Re8 27.
Bc3 Nc7 28. Ra7 Kc6 29. Bd2 Be7 30. a4 Bd6 31. Ne1 Ra8 1/2-1/2

[Event "Cto Equipos Aragon 2013 DH Titulo"]
[Site "?"]
[Date "2013.04.06"]
[Round "10.2"]
[White "Glavina Rossi, Pablo"]
[Black "Antoli Royo, Joaquin Miguel"]
[Result "1/2-1/2"]
[WhiteElo "2445"]
[BlackElo "2412"]
[PlyCount "113"]
[EventDate "2013.??.??"]
[EventType "tourn"]
[EventRounds "4"]
[WhiteTeam "St Casablanca"]
[BlackTeam "Jaime Casas"]

1. e4 c5 2. Nf3 d6 3. d4 cxd4 4. Qxd4 a6 5. Be3 Nc6 6. Qb6 Qxb6 7. Bxb6 Nf6 8.
Nc3 e6 9. O-O-O Nd7 10. Bc7 Nce5 11. Be2 b5 12. Bxd6 Ng4 13. Rhf1 b4 14. Na4
Ngf6 15. Bxf8 Rxf8 16. Rd4 Rb8 17. e5 Nd5 18. Bc4 Bb7 19. Re1 Ke7 20. Nd2 Rfc8
21. b3 a5 22. g3 Bc6 23. Bxd5 exd5 24. Nb2 Nc5 25. Kb1 Ne6 26. Rh4 Bb5 27. Nf3
g5 28. Rxh7 Rc3 29. Re3 d4 30. Rxc3 dxc3 31. Nd3 Bxd3 32. cxd3 Rd8 33. Kc2 g4
34. Ne1 Nd4+ 35. Kc1 Nc6 36. Rh5 Rd5 37. h3 Rxe5 38. Rxe5+ Nxe5 39. hxg4 Nxg4
40. f3 Ne3 41. Nc2 Nf1 42. a3 bxa3 43. Nxa3 Kd6 44. Kc2 Nxg3 45. Kxc3 Ne2+ 46.
Kc4 Ng1 47. Nb5+ Ke5 48. d4+ Kf6 49. f4 Ne2 50. Nd6 Nxf4 51. Nb7 Ke6 52. Nxa5
f5 53. b4 Nd5 54. Nb3 Kd6 55. Nd2 Nb6+ 56. Kd3 Kc6 57. Nc4 1/2-1/2

[Event "Cto Equipos Aragon 2013 DH Titulo"]
[Site "?"]
[Date "2013.04.06"]
[Round "10.3"]
[White "Ramiro Ovejero, Juan Luis"]
[Black "Lopez Gracia, Fernando"]
[Result "0-1"]
[WhiteElo "2363"]
[BlackElo "2368"]
[PlyCount "50"]
[EventDate "2013.??.??"]
[EventType "tourn"]
[EventRounds "4"]
[WhiteTeam "Jaime Casas"]
[BlackTeam "St Casablanca"]

1. e4 c6 2. d4 d5 3. Nd2 dxe4 4. Nxe4 Bf5 5. Ng3 Bg6 6. Nh3 Nf6 7. Nf4 Nbd7 8.
Bc4 Qc7 9. O-O Nb6 10. Bb3 e6 11. Qf3 a5 12. Re1 O-O-O 13. Bd2 a4 14. Bxe6+
fxe6 15. Nxe6 Qd7 16. Ba5 Re8 17. Nxf8 Rexf8 18. Qa3 Nc4 19. Qc5 Nxa5 20. Qxa5
Ng4 21. Qxa4 Rxf2 22. d5 Kb8 23. dxc6 Qd2 24. c7+ Kxc7 25. Ne2 Qe3 0-1

[Event "Cto Equipos Aragon 2013 DH Titulo"]
[Site "?"]
[Date "2013.04.06"]
[Round "10.4"]
[White "Quintin Navarro, Alberto"]
[Black "Fontana Sotomayor, Luis Javier"]
[Result "1/2-1/2"]
[WhiteElo "2220"]
[BlackElo "2315"]
[PlyCount "97"]
[EventDate "2013.??.??"]
[EventType "tourn"]
[EventRounds "4"]
[WhiteTeam "St Casablanca"]
[BlackTeam "Jaime Casas"]

1. d4 Nf6 2. c4 c5 3. d5 a6 4. Nc3 e6 5. e4 d6 6. Nf3 exd5 7. exd5 g6 8. h3 Bg7
9. Bd3 O-O 10. O-O b5 11. cxb5 Bb7 12. Qb3 Nbd7 13. Bg5 Qc7 14. a4 Nb6 15. Bc4
axb5 16. axb5 Nfd7 17. Bf4 Nxc4 18. Qxc4 Nb6 19. Qd3 c4 20. Qd2 Rfe8 21. Rxa8
Bxa8 22. Re1 Rxe1+ 23. Qxe1 Qd7 24. Qd2 Bxc3 25. Qxc3 Nxd5 26. Qxc4 Nxf4 27.
Qxf4 Bxf3 28. Qxf3 Qxb5 29. Qc3 h5 30. Qc8+ Kg7 31. Qc3+ Kf8 32. Qf6 d5 33.
Qh8+ Ke7 34. Qe5+ Kd7 35. Qf6 Ke8 36. Qe5+ Kd7 37. Qf6 Qd3 38. Qxf7+ Kc6 39.
Qe8+ Kb7 40. Qe7+ Kc6 41. Qe8+ Kd6 42. Qf8+ Ke6 43. Qg8+ Ke7 44. Qg7+ Kd6 45.
Qf8+ Kc6 46. Qe8+ Kc7 47. Qe7+ Kc6 48. Qe8+ Kb7 49. Qe7+ 1/2-1/2

[Event "Cto Equipos Aragon 2013 DH Titulo"]
[Site "?"]
[Date "2013.04.06"]
[Round "10.5"]
[White "Forcen Esteban, Daniel"]
[Black "Del Rey, Diego"]
[Result "1/2-1/2"]
[WhiteElo "2467"]
[BlackElo "2383"]
[PlyCount "87"]
[EventDate "2013.??.??"]
[EventType "tourn"]
[EventRounds "4"]
[WhiteTeam "Ibercaja"]
[BlackTeam "El Olivar"]

1. d4 d5 2. c4 c6 3. e3 Nf6 4. Nc3 e6 5. Bd2 c5 6. Nf3 Nc6 7. cxd5 exd5 8. Bb5
Bd6 9. dxc5 Bxc5 10. Rc1 Bd6 11. Nxd5 Nxd5 12. Rxc6 bxc6 13. Bxc6+ Bd7 14. Bxd5
Rb8 15. a3 Rxb2 16. Bc3 Rb5 17. O-O O-O 18. e4 Qb6 19. a4 Rxd5 20. exd5 Rc8 21.
Bd4 Qa5 22. Ne5 Bxe5 23. Bxe5 Qxa4 24. Qd2 f6 25. Bg3 a5 26. d6 Qb5 27. Qa2+
Kf8 28. h4 a4 29. Qa1 Qc4 30. Qe1 Re8 31. Qa5 f5 32. Qa7 Bb5 33. Rb1 Qd3 34.
Rb4 Qf1+ 35. Kh2 Bc6 36. f3 Bxf3 37. Rb2 f4 38. Bxf4 Bxg2 39. Qd7 Qxf4+ 40.
Kxg2 Qe4+ 41. Kg1 Qe1+ 42. Kg2 Qe4+ 43. Kg1 Qe1+ 44. Kg2 1/2-1/2

[Event "Cto Equipos Aragon 2013 DH Titulo"]
[Site "?"]
[Date "2013.04.06"]
[Round "10.6"]
[White "Chueca Forcen, Alberto"]
[Black "Baron Rodriguez, Jesus"]
[Result "1-0"]
[WhiteElo "2310"]
[BlackElo "2438"]
[PlyCount "147"]
[EventDate "2013.??.??"]
[EventType "tourn"]
[EventRounds "4"]
[WhiteTeam "El Olivar"]
[BlackTeam "Ibercaja"]

1. e4 e6 2. d4 d5 3. Nc3 Bb4 4. Nge2 dxe4 5. a3 Bxc3+ 6. Nxc3 Nc6 7. d5 Nce7 8.
Qg4 Kf8 9. dxe6 Nf6 10. Qe2 Bxe6 11. Bg5 Nf5 12. Nxe4 Nd4 13. Bxf6 Nxe2 14.
Bxd8 Nd4 15. O-O-O Rxd8 16. Nc5 Bc8 17. c3 Nc6 18. Bb5 Ke7 19. Na6 bxa6 20.
Bxc6 Be6 21. Rhe1 Kf6 22. Re4 Rxd1+ 23. Kxd1 Rd8+ 24. Rd4 Rxd4+ 25. cxd4 a5 26.
Kc2 Ke7 27. d5 Bf5+ 28. Kb3 Kd6 29. Ka4 Kc5 30. Kxa5 Bc8 31. b4+ Kc4 32. a4 g5
33. Be8 f6 34. Bf7 Kd4 35. g3 Ke4 36. Kb5 Bd7+ 37. Ka6 Bxa4 38. Kxa7 Ke5 39.
Kb7 Kd6 40. Kc8 Bb5 41. Kd8 h6 42. Be8 Bd3 43. Bf7 Bb5 44. Be8 Bd3 45. Bd7 Be2
46. Be6 Bb5 47. Bg8 Bd7 48. Bf7 Bb5 49. h4 gxh4 50. gxh4 Ba4 51. Be8 Bd1 52.
Bd7 Bh5 53. Be6 Be2 54. Ke8 Bh5+ 55. Kd8 Bf3 56. Ke8 Bh5+ 57. Kf8 c6 58. dxc6
Kxe6 59. c7 Kd7 60. Kg7 Kxc7 61. Kxh6 Be8 62. Kg7 f5 63. Kf6 f4 64. Kg5 f3 65.
h5 Ba4 66. h6 Bc2 67. Kf4 Kb6 68. Kxf3 Kb5 69. Kf4 Kxb4 70. Ke5 Kc5 71. f4 Bh7
72. f5 Kc6 73. Ke6 Bg8+ 74. Ke7 1-0

[Event "Cto Equipos Aragon 2013 DH Titulo"]
[Site "?"]
[Date "2013.04.06"]
[Round "10.8"]
[White "Melendez Fierro, Juan Bautista"]
[Black "Jimenez Fernandez, Alejandro"]
[Result "0-1"]
[WhiteElo "2172"]
[BlackElo "2011"]
[PlyCount "62"]
[EventDate "2013.??.??"]
[EventType "tourn"]
[EventRounds "4"]
[WhiteTeam "El Olivar"]
[BlackTeam "Ibercaja"]

1. e4 c6 2. Nc3 d5 3. Qf3 dxe4 4. Nxe4 Nd7 5. d4 Ndf6 6. c3 Nxe4 7. Qxe4 Nf6 8.
Qc2 Qd5 9. Nf3 Bg4 10. Ne5 Bh5 11. f3 e6 12. Bc4 Qa5 13. Qb3 O-O-O 14. Be3 Bd6
15. O-O Nd5 16. Bf2 f6 17. Nd3 Qc7 18. h3 g5 19. Rae1 Bf7 20. Bxd5 exd5 21. Nc5
h5 22. Qd1 Rdg8 23. Kh1 g4 24. Bh4 Rh6 25. fxg4 hxg4 26. Bxf6 Bh5 27. h4 g3 28.
Qd2 Qh7 29. Bg5 Rhg6 30. Kg1 Rxg5 31. hxg5 Be2 0-1

[Event "Cto Equipos Aragon 2013 DH Titulo"]
[Site "?"]
[Date "2013.04.06"]
[Round "10.9"]
[White "Lana Rodriguez, David"]
[Black "Ramon Perez, Jose Luis"]
[Result "1-0"]
[WhiteElo "2300"]
[BlackElo "2236"]
[PlyCount "91"]
[EventDate "2013.??.??"]
[EventType "tourn"]
[EventRounds "4"]
[WhiteTeam "Helios"]
[BlackTeam "Agrupacion"]

1. e4 e6 2. d4 d5 3. Nc3 Nf6 4. Bg5 dxe4 5. Nxe4 Be7 6. Nxf6+ Bxf6 7. Bxf6 Qxf6
8. Nf3 c5 9. c3 cxd4 10. Qxd4 Qxd4 11. Nxd4 a6 12. Be2 Bd7 13. Bf3 Nc6 14. Nxc6
Bxc6 15. Bxc6+ bxc6 16. O-O-O Ke7 17. Rd4 c5 18. Rc4 Rac8 19. Rd1 g5 20. h4 h6
21. Re4 f6 22. Kc2 e5 23. b4 Ke6 24. Kb3 Rhd8 25. Rxd8 Rxd8 26. hxg5 hxg5 27.
Re2 f5 28. bxc5 e4 29. Kc4 Ke5 30. c6 f4 31. Kc5 Rb8 32. Rb2 Rc8 33. Re2 g4 34.
Kb6 f3 35. gxf3 gxf3 36. Rd2 e3 37. fxe3 Ke4 38. c7 Kxe3 39. Rd8 f2 40. Rxc8
f1=Q 41. Re8+ Kd2 42. Rd8+ Kc2 43. c8=Q Qf6+ 44. Kb7 Qe7+ 45. Rd7 Qa3 46. Qc4
1-0

[Event "Cto Equipos Aragon 2013 DH Titulo"]
[Site "?"]
[Date "2013.04.06"]
[Round "10.10"]
[White "Remiro Juste, Fernando Jose"]
[Black "Guzman Moneo, Alberto"]
[Result "1-0"]
[WhiteElo "2216"]
[BlackElo "2192"]
[PlyCount "63"]
[EventDate "2013.??.??"]
[EventType "tourn"]
[EventRounds "4"]
[WhiteTeam "Agrupacion"]
[BlackTeam "Helios"]

1. d4 Nf6 2. Bg5 Ne4 3. Bf4 d5 4. e3 c5 5. Bd3 cxd4 6. Bxe4 dxe4 7. Qxd4 Qxd4
8. exd4 Nc6 9. c3 b6 10. Ne2 f5 11. Nd2 e6 12. f3 g5 13. Bxg5 Rg8 14. Be3 exf3
15. gxf3 Ba6 16. Nf4 e5 17. Ne6 Bd6 18. O-O-O Rc8 19. Rhg1 Rg6 20. Ng7+ Kd7 21.
Nxf5 exd4 22. Nxd4 Ne5 23. Ne4 Nd3+ 24. Kb1 Bxh2 25. Rxg6 hxg6 26. Rh1 Rh8 27.
Nf6+ Ke7 28. Bg5 Kf7 29. Ng4 Bf4 30. Rxh8 Bxg5 31. Rh7+ Kg8 32. Rxa7 1-0

[Event "Cto Equipos Aragon 2013 DH Titulo"]
[Site "?"]
[Date "2013.04.06"]
[Round "10.11"]
[White "Cerrajeria Ruiz, Jesus Maria"]
[Black "Martinez Asensio, Juan Miguel"]
[Result "1-0"]
[WhiteElo "2155"]
[BlackElo "2099"]
[PlyCount "52"]
[EventDate "2013.??.??"]
[EventType "tourn"]
[EventRounds "4"]
[WhiteTeam "Helios"]
[BlackTeam "Agrupacion"]

1. g3 c5 2. Bg2 g6 3. e4 Bg7 4. Nf3 Nc6 5. O-O d6 6. c3 e5 7. Na3 Nge7 8. Nc2
O-O 9. d4 exd4 10. cxd4 cxd4 11. Nfxd4 d5 12. Nxc6 bxc6 13. Bg5 Rb8 14. Nd4 f6
15. Bf4 Rxb2 16. Bc1 Rb6 17. Ba3 f5 18. exd5 cxd5 19. Re1 Rf7 20. Rc1 Bf6 21.
Bc5 Rb2 22. Rxe7 Bxe7 23. Nc6 Qd7 24. Nxe7+ Rxe7 25. Bxd5+ Re6 26. Bxe6+ Qxe6
1-0

[Event "Cto Equipos Aragon 2013 DH Titulo"]
[Site "?"]
[Date "2013.04.06"]
[Round "10.12"]
[White "Carruez Berges, Santiago"]
[Black "Montes Santos, Lorenzo"]
[Result "1-0"]
[WhiteElo "2119"]
[BlackElo "2055"]
[PlyCount "59"]
[EventDate "2013.??.??"]
[EventType "tourn"]
[EventRounds "4"]
[WhiteTeam "Agrupacion"]
[BlackTeam "Helios"]

1. e4 c5 2. d4 cxd4 3. c3 d3 4. Bxd3 d6 5. Nf3 Nf6 6. h3 g6 7. O-O Bg7 8. c4
O-O 9. Nc3 Nc6 10. Be3 Nd7 11. Rc1 Qa5 12. Bd2 Qd8 13. b3 h6 14. Be3 Kh7 15.
Bb1 Qa5 16. Nd5 Qd8 17. Qd2 Nde5 18. Nd4 Nxd4 19. Bxd4 Be6 20. f4 Nc6 21. Bxg7
Kxg7 22. Kh2 f6 23. Qc3 Rc8 24. Qg3 Bf7 25. Rcd1 Kh7 26. c5 e6 27. Ne3 d5 28.
exd5 exd5 29. Rxd5 Qe7 30. Rh5 1-0

[Event "Cto Equipos Aragon 2013 DH Titulo"]
[Site "?"]
[Date "2013.04.06"]
[Round "10.14"]
[White "Accattato Martin, Mario"]
[Black "Escuer Sanchez, Nestor"]
[Result "1/2-1/2"]
[WhiteElo "2174"]
[BlackElo "2063"]
[PlyCount "44"]
[EventDate "2013.??.??"]
[EventType "tourn"]
[EventRounds "4"]
[WhiteTeam "Casino Jaque"]
[BlackTeam "L`Aurora Estadilla"]

1. b3 d5 2. Bb2 Nf6 3. Nf3 g6 4. e3 Bg7 5. c4 c6 6. Be2 O-O 7. O-O Nbd7 8. d4
Ne4 9. Nbd2 Ndf6 10. Ne5 Nxd2 11. Qxd2 Ne4 12. Qe1 Nd6 13. c5 Ne8 14. b4 f6 15.
Nd3 Nc7 16. f3 Bf5 17. g4 Bxd3 18. Bxd3 e5 19. a4 Qd7 20. Qg3 Rae8 21. Rae1 e4
22. Be2 exf3 1/2-1/2

[Event "Cto Equipos Aragon 2013 DH Titulo"]
[Site "?"]
[Date "2013.04.06"]
[Round "10.15"]
[White "Felez Casedas, Carlos"]
[Black "Gonzalez Gambau, Jorge"]
[Result "1/2-1/2"]
[WhiteElo "2012"]
[BlackElo "2118"]
[PlyCount "77"]
[EventDate "2013.??.??"]
[EventType "tourn"]
[EventRounds "4"]
[WhiteTeam "L`Aurora Estadilla"]
[BlackTeam "Casino Jaque"]

1. e4 c6 2. Nf3 d5 3. Nc3 Bg4 4. h3 Bh5 5. exd5 cxd5 6. g4 Bg6 7. Bb5+ Nc6 8.
Ne5 Rc8 9. d4 e6 10. h4 f6 11. Nxg6 hxg6 12. Qd3 Kf7 13. h5 gxh5 14. Rxh5 Rxh5
15. gxh5 Nge7 16. h6 g6 17. Bxc6 Rxc6 18. Be3 Nf5 19. O-O-O Bxh6 20. Bxh6 Nxh6
21. Rh1 Qf8 22. Ne2 Qg7 23. Nf4 g5 24. Nh5 Qg6 25. Qxg6+ Kxg6 26. Nxf6 Rc7 27.
Ne8 Rf7 28. Nd6 Rxf2 29. Nxb7 Nf5 30. c3 g4 31. Nc5 g3 32. Nd3 Rh2 33. Ne5+ Kh5
34. Rg1 Rf2 35. Nd3 Rf3 36. Ne5 Rf2 37. Nd3 Rf3 38. Ne5 Rf2 39. Nd3 1/2-1/2